00851cam a2200265 450000100060000000300080000600500170001400800410003102000150007203500190008704000320010604100080013808200220014610000290016824500600019726000630025730000210032035000100034150000180035150400300036960000320039960000600043165000590049165000350055023592BD-RjUL20211209000940.0140311s1971 nju b 001 0beng d a083867898X a(BD-RjUL)23657 aDLCcDLCdDLCdBD-RjULbeng aeng00a843.912bKOM 19711 aKopp, Richard L.,d1934-10aMarcel Proust as a social critic /cby Richard L. Kopp. aRutherford :bFairleigh Dickinson University Press,c1971 a230 p. ;c22 cm. a$9.50 aInclude index aBibliography: p. 219-227.10aProust, Marcel,d1871-1922.10aProust, Marcel,d1871-1922xPolitical and social views. 0aLiterature and societyzFrancexHistoryy20th century. 0aSocial problems in literature.